Genius Tagore Select (Record no. 68333)

MARC details
000 -LEADER
fixed length control field 00469nam a22001577a 4500
005 - DATE AND TIME OF LATEST TRANSACTION
control field 20120706163112.0
020 ## - INTERNATIONAL STANDARD BOOK NUMBER
International Standard Book Number 9788183820905
Terms of availability 450.00
037 ## - SOURCE OF ACQUISITION
Stock number dpl
Source of stock number/acquisition K K.Pub /ven
082 ## - DEWEY DECIMAL CLASSIFICATION NUMBER
Classification number 891.4414
245 ## - TITLE STATEMENT
Title Genius Tagore Select
Statement of responsibility, etc edited by Mahendra kulasrestha
260 ## - PUBLICATION, DISTRIBUTION, ETC. (IMPRINT)
Place of publication, distribution, etc New Delhi
Name of publisher, distributor, etc Lotus press
270 ## - ADDRESS
Address 4263/3 Ansari road
City New Delhi
300 ## - PHYSICAL DESCRIPTION
Extent 295pg
Dimensions 23cm
710 ## - ADDED ENTRY--CORPORATE NAME
Corporate name or jurisdiction name as entry element Kulasrestha. Mahendra
9 (RLIN) 49948
942 ## - ADDED ENTRY ELEMENTS (KOHA)
Source of classification or shelving scheme Dewey Decimal Classification
Item type English Books
Classification part 891.4414
Call number suffix GEN

No items available.


© Delhi Public Library
Hit Counter
free hit counter